| 000 | 00410nam a2200181Ia 4500 | ||
|---|---|---|---|
| 001 | 11152 | ||
| 003 | GE_BSU | ||
| 008 | 181216s||||||||xx |||||||||||||| ||und|| | ||
| 040 | _cGE_BSU | ||
| 245 | _aParis Match, du 24 au 30 juillet №3401. 2014. | ||
| 245 | _b№3401 | ||
| 245 | _cdir.red. O.Royant. | ||
| 260 | _aParis | ||
| 260 | _c2014. | ||
| 300 | _a106p;29cm. | ||
| 653 | _aParis Match | ||
| 942 | _cCR | ||
| 999 |
_c44387 _d44387 |
||